000 00829nam a2200217 a 4500
003 0
005 20250310160859.0
008 080730s19uu xx 00 eng d
050 _aPGS HV 4708.C66
_b.T238 2008
100 _aTaylor, Paul Norris.
245 _aAttitudes towards animal rights of grade 6 students /
_cPaul Norris Taylor.
260 _aLas PiƱas City, Philippines :
_bSouthville International School and Colleges,
_c2008.
300 _a52 pages :
_bcolored illustrations ;
_c28 cm.
504 _aIncludes bibliographical references.
650 _aAnimal rights
_vPublic opinion.
650 _aAnimal welfare
_vStudy and teaching (Elementary).
650 _aPets
_vPsychological aspects.
650 _aHuman-animal relationships
_vComparative studies.
650 _aStudents
_vAttitudes.
942 _2lcc
_cPASS
999 _c97999
_d97999